10 losowych państw na mapie #3 - Statystyki

Ogólne statystyki
  • Ten quiz został rozwiązany 52 razy
  • Średni wynik to 9 z 10
Odpowiedzi na mapie
Odpowiedzi zakodowano w zielono-czerwonej skali na mapie do tego quizu, zgodnie z poniższymi procentami.
 
Statystyki odpowiedzi
Odpowiedź % Poprawnych
Rosja
100%
Hiszpania
98%
Sudan
93%
Gujana
88%
Jemen
88%
Wyspy Salomona
88%
Trynidad i Tobago
86%
Kuwejt
84%
Luksemburg
84%
Eswatini
79%
Nie znaleziono quizów pasujących do podanych kryteriów
Rozkład punktacji
Procent ludzi z każdym wynikiem
Percentyl według liczby udzielonych odpowiedzi
Twoja historia wyników
Nie rozwiązałeś tego quizu